University Home | Library Home | Institutional Repository

Horizons of unknown power; (Record no. 198023)

MARC details
000 -LEADER
fixed length control field 01157cam9a220030100 4500
001 - CONTROL NUMBER
control field lce00162384
005 - DATE AND TIME OF LATEST TRANSACTION
control field 20190830122247.0
008 - FIXED-LENGTH DATA ELEMENTS--GENERAL INFORMATION
fixed length control field 700623s1967 nz b 000 0 eng
010 ## - LIBRARY OF CONGRESS CONTROL NUMBER
LC control number 76352660 //r902
015 ## - NATIONAL BIBLIOGRAPHY NUMBER
National bibliography number NZ68-10
020 ## - INTERNATIONAL STANDARD BOOK NUMBER
Terms of availability 0.75
035 ## - SYSTEM CONTROL NUMBER
System control number (Sirsi) r115858
035 ## - SYSTEM CONTROL NUMBER
System control number (DLC) 76352660 //r902
035 ## - SYSTEM CONTROL NUMBER
System control number (UPRA)lce00162384
040 ## - CATALOGING SOURCE
Original cataloging agency DLC
Transcribing agency DLC
Modifying agency DLC
050 00 - LIBRARY OF CONGRESS CALL NUMBER
Classification number LC3501.M3
Item number W3
082 00 - DEWEY DECIMAL CLASSIFICATION NUMBER
Classification number 370/.9174/994
100 1# - MAIN ENTRY--PERSONAL NAME
Personal name Watson, John Elliott.
Linkage A80834.1
245 10 - TITLE STATEMENT
Title Horizons of unknown power;
Remainder of title some issues of Maori schooling,
Statement of responsibility, etc. by John E. Watson.
260 ## - PUBLICATION, DISTRIBUTION, ETC.
Place of publication, distribution, etc. Wellington,
Name of publisher, distributor, etc. New Zealand Council for Educational Research,
Date of publication, distribution, etc. 1967.
490 1# - SERIES STATEMENT
Series statement New Zealand Council for Educational Research. Studies in education,
Volume/sequential designation no. 19
504 ## - BIBLIOGRAPHY, ETC. NOTE
Bibliography, etc. note Bibliographical footnotes.
650 #0 - SUBJECT ADDED ENTRY--TOPICAL TERM
Topical term or geographic name entry element Maori (New Zealand people) -- Education.
General subdivision Maori (New Zealand people) -- Education.
Linkage S58236.1
830 #0 - SERIES ADDED ENTRY--UNIFORM TITLE
Uniform title Studies in education (New Zealand Council for Educational Research) ;
Volume/sequential designation no. 19.
Linkage S12286.1
949 ## - LOCAL PROCESSING INFORMATION (OCLC)
a LC3501.M3
w lcc
i -166739
m MAIN
t BOOK
l ON-SHELF
949 ## - LOCAL PROCESSING INFORMATION (OCLC)
a LC3501.M3
w lcc
i -166740
m MAIN
t BOOK
l ON-SHELF

No items available.

© 2026 - The University of Zambia Library - Koha v25.11